Library Banner

Global entrepreneurship : (Record no. 139280)

MARC details
000 -LEADER
fixed length control field 00570cam a22002058i 4500
001 - CONTROL NUMBER
control field 24174679
005 - DATE AND TIME OF LATEST TRANSACTION
control field 20260226092718.0
008 - FIXED-LENGTH DATA ELEMENTS--GENERAL INFORMATION
fixed length control field 250429s2026 nyu b 001 0 eng
020 ## - INTERNATIONAL STANDARD BOOK NUMBER
International Standard Book Number 9781032900179
040 ## - CATALOGING SOURCE
Transcribing agency PK-LaUMT
082 00 - DEWEY DECIMAL CLASSIFICATION NUMBER
Classification number 658.421
Item number KSH-G
100 1# - MAIN ENTRY--PERSONAL NAME
Personal name Kshetri, Nir
245 10 - TITLE STATEMENT
Title Global entrepreneurship :
Remainder of title environment and strategy /
Statement of responsibility, etc by Nir Kshetri
250 ## - EDITION STATEMENT
Edition statement 3rd ed.
260 ## - PUBLICATION, DISTRIBUTION, ETC. (IMPRINT)
Place of publication, distribution, etc London :
Name of publisher, distributor, etc Routledge,
Date of publication, distribution, etc 2026
300 ## - PHYSICAL DESCRIPTION
Extent 328 p.
650 #0 - SUBJECT ADDED ENTRY--TOPICAL TERM
Topical term or geographic name as entry element Entrepreneurship
650 #0 - SUBJECT ADDED ENTRY--TOPICAL TERM
Topical term or geographic name as entry element Entrepreneurship
Geographic subdivision Developing countries
942 ## - ADDED ENTRY ELEMENTS (KOHA)
Koha item type Books
Holdings
Withdrawn status Lost status Damaged status Home library Current library Date acquired Full call number Barcode Date last seen Price effective from Koha item type Copy number
      UMT Main Campus UMT Main Campus 2025-11-28 658.421 KSH-G 151052 2025-11-28 2025-11-28 Books  
      UMT Main Campus UMT Main Campus 2026-02-26 658.421 KSH-G 151709 2026-02-26 2026-02-26 Books C.2